Pokroky dozimetrie ionizujícího záření

Salvato in:
Dettagli Bibliografici
Natura: Libro
Pubblicazione: Praha : Academia, 1984
Tags: Aggiungi Tag
Nessun Tag, puoi essere il primo ad aggiungerne!!

MARC

LEADER 00000nam a22000003a 4500
001 stu20144
005 20150408175857.6
008 ------s1984----cs----------------------d
040 |a STU  |b slo 
041 0
044 |a cs 
080 |a 537.568 
245 |a Pokroky dozimetrie ionizujícího záření 
260 |a Praha :  |b Academia,  |c 1984 
300 |a 326 s :  |b Obr.,tab.,grafy,lit 
996 |b C79462  |c C*79462  |l CCII  |s P  |a 0  |w stu20144_0001